[Event "EICC 2017"]
[Site "Minsk"]
[Date "2017.06.06"]
[Round "7"]
[White "Hamitevici, Vladimir"]
[Black "Onischuk, Vladimir"]
[Result "0-1"]
[WhiteElo "2490"]
[BlackElo "2608"]
[Annotator "TA"]
[PlyCount "76"]
[EventDate "2017.??.??"]
[EventCountry "BLR"]
[SourceTitle "playchess.com"]
[Source "ChessBase"]
[SourceQuality "1"]

{[%evp 18,76,43,25,27,27,47,-4,17,-26,23,9,42,16,53,40,37,34,118,0,0,0,0,-26,25,-186,-161,-242,31,31,25,47,27,34,28,0,42,50,46,21,33,0,-1,-10,87,-163,-156,-425,-401,-416,-392,-422,-434,-426,-425,-425,-422,-412,-300,-421,-419]} 1. e4 d6 2. d4 Nf6 3. Bd3 g6 4. Nf3 Bg7 5. O-O O-O 6. c3 Nbd7 7. Re1 e5 8. a4 Re8 9. Nbd2 a5 {B07: Pirc Defence: Miscellaneous Systems} (9... d5 10. dxe5 Nxe5 11. Nxe5 Rxe5 12. f4 Re8 13. e5 Nd7 14. Nb3 f6 15. e6 Nf8 16. f5 gxf5 17. Nd4 Bxe6 {0-1 (58) Morozevich,A (2722)-Grischuk,A (2777) Moscow 2014}) 10. h3 {LiveBook: 3 Games} exd4 $146 ({Predecessor:} 10... b6 11. Bb5 Bb7 12. d5 Ra7 13. Nc4 Rf8 14. b4 axb4 15. cxb4 h6 16. Ra3 Qa8 17. Nfd2 {1-0 (44) Bogdanovski,V (2413)-Pancevski,F (2485) Skopje 2015}) 11. cxd4 b6 {White has an edge.} 12. Bb5 (12. Nb1 $14) 12... Bb7 $11 {[%cal Rf6e4]} 13. e5 dxe5 14. dxe5 Nd5 15. Nc4 $1 Re7 16. Bg5 f6 17. Bh4 Nc5 (17... Qf8 $14) 18. Nd4 (18. Ne3 $1 $16 {Black must now prevent Bc4.} c6 19. Bc4) 18... Nb4 19. Qg4 Qf8 $1 {[%cal Rf6e5]} (19... fxe5 $2 20. Nxe5 $1 {[%mdl 512]} Bxe5 21. Nf5 $18) 20. Re3 Rd8 ({Black should try} 20... f5 21. Qe2 (21. Bxe7 Qxe7 22. Qe2 Rd8 $15) 21... Rd8) 21. Rae1 $2 {[#]} (21. exf6 $1 $11 Bxf6 22. Ne5) 21... f5 $1 $19 {[%cal Rf5g4]} 22. Bxe7 (22. Qg5 $142 Rxd4 23. Qxe7) 22... fxg4 $2 ({Black should play} 22... Qxe7 $19 23. Qd1 (23. Qf4 $2 Nbd3 $19) 23... c6 24. Bxc6 Bxc6 25. Nxc6 Nxc6) 23. Bxf8 $14 Bxf8 24. e6 $1 {[%cal Re6e7] aiming for e7.} Be7 $1 25. Bd7 $1 {Ne5 is the strong threat.} gxh3 26. Rxh3 (26. gxh3 $5 {[%cal Rc4e5]} Nd5 27. Rg3 $11) 26... Nxd7 (26... Nbd3 $5 {[%cal Rd3e1]} 27. Ree3 Nf4 $14) 27. exd7 Rxd7 28. Ne6 Bf6 29. Ne5 Re7 30. Ng4 Bg7 (30... Bxb2 $11 31. Re2 Bc8) 31. Ree3 $2 {[#]} (31. Rxh7 $1 $16 Nd3 32. Rxg7+ Rxg7 33. Nf6+ Kf7 34. Re3 Nxb2 35. Nxg7 Kxf6 36. Ne8+ Kf5 37. Nxc7) 31... Nd5 $1 $19 ({Worse is} 31... Bxb2 32. Nh6+ Kh8 33. Ng5 $11) 32. Re2 $2 (32. Nxg7 $17 Nxe3 33. Rxe3 Rxe3 34. Nxe3 Kxg7 35. Kf1) 32... h5 ({Don't take} 32... Bc8 33. Nh6+ Bxh6 34. Rxh6 $19) 33. Nh2 Bc8 34. Rd3 Rxe6 35. Rxd5 Rxe2 36. Rd8+ Kf7 37. Rxc8 Re1+ 38. Nf1 Be5 {Precision: White = 27%, Black = 60%.} 0-1

[Event "EICC 2017"]
[Site "Minsk"]
[Date "2017.06.06"]
[Round "7"]
[White "Iljiushenok, Ilia"]
[Black "Andriasian, Zaven"]
[Result "1-0"]
[WhiteElo "2489"]
[BlackElo "2622"]
[Annotator "TA"]
[PlyCount "119"]
[EventDate "2017.??.??"]
[EventCountry "BLR"]
[SourceTitle "playchess.com"]
[Source "ChessBase"]
[SourceQuality "1"]

{[%evp 16,119,70,66,73,86,97,103,106,86,133,131,188,188,191,187,195,0,0,0,0,-14,-11,-55,56,67,54,64,32,37,89,81,95,20,17,19,24,0,136,102,111,0,29,0,110,63,49,0,0,-6,-13,-72,-62,-154,0,-75,-33,-68,-47,-135,-118,-272,-260,-260,-269,-247,-47,-29,0,0,0,-18,-17,-20,7,17,120,125,136,114,134,111,214,226,269,255,214,180,225,183,275,226,241,195,683,666,2379,2425,2379,2237,29994,29995,29995,29996,29996,0]} 1. e4 d6 2. d4 Nf6 3. Nc3 g6 4. Be3 Bg7 5. Qd2 c6 6. Bh6 Bxh6 7. Qxh6 Qa5 8. Bd3 Na6 9. Nf3 {LiveBook: 7 Games. B07: Pirc Defence: Miscellaneous Systems} Bg4 (9... Nb4 10. O-O Qh5 11. Qf4 Nxd3 12. cxd3 Bg4 13. Nd2 O-O 14. Rfe1 Be6 15. h3 Qa5 16. Qh6 Qh5 {1-0 (66) Muzychuk,M (2526)-Tan,Z (2487) Chengdu 2015}) 10. Ng5 Nb4 11. O-O {White is better.} Nxd3 12. cxd3 Be6 13. Rac1 (13. Nxe6 $6 fxe6 14. Qh3 e5 $14) 13... Qb6 $146 (13... Ng8 $16 14. Qg7 Qxg5 15. Qxh8 Bh3) ({Predecessor:} 13... Qb4 14. d5 cxd5 15. exd5 Bf5 16. Nce4 Nh5 {1-0 (36) Siigur,J (2409)-Trubetskoi,R (2204) Estonia 2003}) 14. d5 $1 $18 {[%cal Rd5e6]} cxd5 15. exd5 Nxd5 16. Nxd5 $2 (16. Qg7 $18 Kd7 17. Nxe6 (17. Nxf7 $2 Nxc3 18. Rxc3 Rhg8 $19) 17... fxe6 18. Nxd5 exd5 19. Rfe1) 16... Bxd5 $11 17. Rfe1 Kd7 18. Qh4 Rae8 19. Qf4 (19. Nxh7 $5 {[%cal Re1e7]} Kd8 20. Qg4 $11) 19... f5 (19... e5 $15 20. Qh4 h6) 20. Ne6 $1 $14 {[%mdl 1024] White has compensation.} Rc8 21. Qa4+ Bc6 22. Qh4 {Nc5+! is the strong threat.} Rce8 ({Black should try} 22... Rhe8 $14) 23. b4 $16 a5 24. bxa5 (24. a3 $16) 24... Qxa5 $11 25. Qd4 Rhg8 26. Re2 Rc8 (26... Qd5 27. Qxd5 Rc8 28. Nc5+ Kd8 29. Nxb7+ Kd7 30. Nc5+ Kd8 31. Qxg8+ Kc7 32. Rxe7+ Kb6 33. Qxc8 dxc5 34. Rb1+ Bb5 35. Qc7+ Ka6 36. Qa7#) (26... g5 $1 $11) 27. Nc5+ $1 $16 Kd8 28. Ne6+ ({White should play} 28. h3 $16) 28... Kd7 $1 $11 29. Nc5+ (29. Qh4 $11) 29... Kd8 $1 $16 30. Qh4 {[%csl Ge2][%cal Rh4e7]} Re8 31. Rce1 Kc7 32. Ne6+ Kb8 33. Ng7 (33. h3 $11) 33... Rg8 $1 $17 {[%cal Rg8g7]} 34. Ne6 {[#]} ({Only move:} 34. Qd4 $1 $15) 34... Rge8 $2 (34... g5 $1 $17 {[%cal Rg5h4][%mdl 512]} 35. Qd4 (35. Nxg5 f4) 35... Bd5) 35. Qxh7 (35. Ng7 $11 {keeps the balance.} Rg8 36. Qd4) 35... Qd5 {[%csl Gc6][%cal Rd5g2]} 36. Qh3 g5 37. Qg3 (37. Nxg5 $15 e5 38. Qf3) 37... Rg8 38. d4 $2 (38. f3 $17) 38... Bb5 $19 39. Re3 {[%cal Be2e3,Be3a3,Ba3a1,Ba1c1][%mdl 32]} f4 (39... Qxa2 40. Qf3 $17) 40. Qf3 Qxa2 $2 (40... Bc6 $19 41. Qxd5 Bxd5) 41. Ra3 $1 $15 {[%cal Ra3a2]} Qc4 (41... Qxe6 $6 42. Ra8+ $1 {[%mdl 512]} Kxa8 43. Qa3+ (43. Rxe6 $2 Rc1+ 44. Qd1 Rxd1+ 45. Re1 Rxe1#) 43... Kb8 44. Rxe6 $16) 42. Raa1 Qc3 {Strongly threatening ...Qxf3.} 43. Qd5 Bc4 44. Qf5 Rc6 45. d5 $40 {[%mdl 128] White mounts an attack.} Ra6 (45... Rcc8 $1 $11) 46. Rac1 $16 Qa5 47. Qf7 Rc8 48. Red1 Ka7 (48... b5 $16 {was worth a try.}) 49. Qxe7 $18 f3 50. Qd7 ({Resist} 50. gxf3 $6 Kb8 $18) (50. Qxg5 fxg2 51. Qg4 (51. Kxg2 Qa3 $14) (51. Qxg2 $2 Bxd5 52. Qxd5 Qxd5 $19) 51... Qa4 $16) 50... Kb8 51. gxf3 Qa4 52. Qg7 Rb6 (52... Qe8 {keeps fighting.} 53. Rb1 Ra7) 53. Qd4 ({Don't play} 53. Qxg5 $6 Rb2 $18) 53... Rb4 54. Rd2 Qb5 $2 {[#]} (54... Qa7 55. Qf6 Qb6) 55. Ra2 $3 {[%csl Ga2][%cal Rd4a7][%mdl 512]} Qb6 {[#] And now ...Qxd4 would win.} (55... Bxa2 56. Rxc8+) 56. Qa1 $1 {[%csl Ga1][%cal Ra2a8][%mdl 512]} Bxa2 57. Rxc8+ Kxc8 58. Qh8+ {White mates.} Kd7 59. Qg7+ Ke8 60. Qf8+ {[%mdl 32768] Precision: White = 47%, Black = 29%. . Loss on Time!?} 1-0

[Event "EICC 2017"]
[Site "Minsk"]
[Date "2017.06.06"]
[Round "7"]
[White "Khegay, Dmitriy"]
[Black "Bogdanovich, Stanislav"]
[Result "1-0"]
[WhiteElo "2482"]
[BlackElo "2596"]
[Annotator "TA"]
[PlyCount "173"]
[EventDate "2017.??.??"]
[EventCountry "BLR"]
[SourceTitle "playchess.com"]
[Source "ChessBase"]
[SourceQuality "1"]

{[%evp 15,173,21,19,0,33,41,50,4,3,41,49,53,56,48,54,52,35,35,50,58,95,45,43,38,79,85,81,91,95,4,2,0,17,35,28,30,1,7,27,24,15,27,31,0,0,0,0,0,0,0,0,0,0,0,10,10,7,-6,-4,-4,-4,-8,-4,-7,0,0,0,0,0,0,0,0,0,0,0,0,0,0,0,0,0,0,0,0,0,0,0,0,0,0,0,0,0,0,0,0,0,0,0,0,0,0,0,0,0,0,0,0,0,0,0,0,0,0,0,0,0,0,0,0,0,0,0,0,0,0,0,0,0,0,0,0,0,0,0,0,0,0,0,0,0,0,0,0,0,0,309,305,508,460,438,391,12837,12837,12838,12838,12837,12838,1508,1513]} 1. e4 e5 2. Nf3 Nc6 3. Bc4 Bc5 4. c3 Nf6 5. d3 a6 6. O-O O-O {C54: Giuoco Piano: 4 c3 Nf6, main lines with 5 d4 and 5 d3} 7. Re1 d6 8. Bb3 (8. h3 Ba7 9. Bb3 Re8 10. Nbd2 Be6 11. Bc2 h6 12. Nf1 d5 13. exd5 Bxd5 14. Ng3 Qd7 15. Be3 Bxe3 16. Rxe3 Re7 17. Nh4 g6 18. c4 Be6 19. Qf3 Kg7 {½-½ (27) Giri,A (2785)-Nakamura,H (2786) Moscow 2017}) 8... Be6 {LiveBook: 6 Games. The position is equal.} 9. Bc2 d5 10. exd5 Bxd5 $146 ({Predecessor:} 10... Qxd5 11. Nbd2 Qd6 12. Qe2 Rfe8 13. h3 h6 14. b4 Ba7 15. a4 {1-0 (46) Abrahamyan,T (2366)-Melekhina,A (2151) Saint Louis 2014}) 11. Nxe5 Nxe5 12. Rxe5 Bd6 13. Re1 Qd7 14. Nd2 Rae8 15. Rxe8 Rxe8 16. Nf1 Ng4 17. Be3 h5 18. Bb3 Bc6 19. h3 Nf6 20. d4 Qf5 21. Bc2 Qe6 22. Nd2 (22. Bd3 $16) 22... Nd5 $1 $11 {[%cal Rd5e3]} 23. Nf1 Nf4 24. Bxf4 $1 Qd5 $1 {[%csl Gc6][%cal Rd5g2] [#]} 25. f3 (25. Bh7+ $5 Kh8 26. f3 (26. Ne3 $2 Rxe3 27. Qf1 Bxf4 $19) 26... Bxf4 27. Be4 $14) 25... Bxf4 26. Be4 Qb5 27. Qc2 Bxe4 28. fxe4 c5 $1 29. Re1 cxd4 30. cxd4 Rd8 31. d5 Qa5 32. Qc3 Qxc3 33. bxc3 {[%mdl 4096] Endgame KRB-KRN} Rc8 34. Rb1 b5 35. Rb3 Be5 36. Ra3 Bxc3 37. Rxa6 Bd4+ 38. Kh2 Rc1 39. d6 $1 {[%cal Rd6d7]} Rd1 40. g3 Be5 41. Kg2 Bxd6 42. Ra8+ Bf8 43. Ne3 Rd2+ 44. Kf3 g6 45. Ra5 b4 46. e5 Rd3 {Hoping for ...Bh6.} 47. Ke4 Rc3 48. h4 Kg7 49. Kd4 Kh6 50. Ke4 Kh7 51. Ra8 Kg7 52. Kf4 Rd3 {aiming for ...Bc5.} 53. Ke4 Rc3 54. Ra5 Bc5 55. Nd5 Rc4+ 56. Kf3 Bd4 57. Rb5 Bc3 58. Nf4 Rc6 59. Nd3 Ra6 60. Nxb4 Ra3 {...Bxb4+ is the strong threat.} 61. Nd3 {Black should prevent Rb3.} Rxa2 62. Rb7 {With the idea e6.} Ra6 63. Rc7 Ba1 64. Rb7 Rc6 (64... Ra3 $5 {[%cal Ra3d3]} 65. Ke4 Ra4+ 66. Kf3 Ra3 $11) 65. Rb1 Bc3 66. Rc1 {And now e6! would win.} Rc7 67. Ke4 Rc4+ 68. Kf3 Rc7 {Black wants to play ...Bxe5!} 69. Ke4 Kf8 70. Kd5 Rd7+ 71. Ke4 Rc7 72. Kd5 Ke7 73. Ke4 Rc4+ 74. Kf3 Rc7 75. Ke4 Ke8 76. Kf3 Kd7 (76... Kf8 $5 {[%cal Rc3e5]}) 77. Ke4 Rc4+ 78. Kf3 Rc6 79. Ke4 Rc4+ 80. Kf3 Kc7 $2 {[%mdl 8192] [#]} (80... Rc6 $11 {and Black stays safe.}) 81. Nf4 $1 $18 Rc5 $2 (81... Kd7 82. e6+ Ke7) 82. e6 {[%cal Be5e6,Be6e7][%mdl 32]} f6 83. Rd1 Ba5 $2 (83... Bb4 84. e7 Rc3+ 85. Kg2 Rc2+ 86. Kf1 Bxe7) 84. e7 {Intending Ne6+ and mate.White is clearly winning.} Re5 85. Nxg6 Re6 86. Nf4 Re5 87. Rd5 {Precision: White = 82%, Black = 67%.} 1-0

[Event "EICC 2017"]
[Site "Minsk"]
[Date "2017.06.06"]
[Round "7"]
[White "Kobo, Ori"]
[Black "Indjic, Aleksandar"]
[Result "1-0"]
[WhiteElo "2481"]
[BlackElo "2587"]
[Annotator "TA"]
[PlyCount "63"]
[EventDate "2017.??.??"]
[EventCountry "BLR"]
[SourceTitle "playchess.com"]
[Source "ChessBase"]
[SourceQuality "1"]

{[%evp 14,63,59,41,85,7,16,13,97,89,190,189,253,283,346,347,341,341,333,311,356,342,338,338,451,488,421,167,179,197,181,180,296,282,389,386,382,382,352,383,468,450,476,474,910,740,720,695,862,839,1548,1470]} 1. e4 c6 2. d4 d5 3. e5 Bf5 4. h4 h6 5. g4 Bd7 6. Nc3 {B12: Caro-Kann: Advance Variation} (6. Be3 Qb6 7. Nd2 e6 8. Nb3 Na6 9. h5 c5 10. dxc5 Nxc5 11. Nf3 Qc7 12. c3 b6 13. Nbd4 a6 {½-½ (56) Nepomniachtchi,I (2767)-Dreev,A (2652) Doha 2016}) 6... e6 7. Be3 h5 8. gxh5 {LiveBook: 3 Games. White is slightly better.} Nh6 9. Bd3 (9. Qd2 $16) 9... c5 $11 10. dxc5 d4 $146 (10... Nc6 $11 {remains equal.}) ({Predecessor:} 10... Nc6 11. Nf3 Ng4 12. Bg5 Qb8 13. Qe2 Bxc5 {1-0 (62) Barabas,T-Harmatosi,J (2270) Aggtelek 1995}) 11. Bxd4 $16 Bc6 {[#]} (11... Nc6 $16 {was called for.}) 12. Nf3 $1 $18 Qa5 (12... Nf5 $142) 13. a3 Bxc5 {[#]} 14. b4 $1 {[%cal Rb4a5]} Bxd4 15. bxa5 Bxc3+ 16. Ke2 Nd7 17. Rb1 a6 18. Qc1 Ng4 19. Qf4 Ngxe5 20. Nxe5 $2 (20. Be4) 20... Bxe5 21. Qe3 {And now Be4 would win.} Bxh1 22. Rxh1 Rxh5 (22... Bf6 $142 23. Be4 Rc8) 23. Qf3 g6 24. Qxb7 Rb8 25. Qc6 Bf6 26. Rd1 ({Not} 26. Qxa6 Bd8 $18) 26... Rc5 27. Qxa6 {White is clearly winning.} Re5+ 28. Kf1 Bxh4 (28... Rd5 $142 29. c4 Rd4) 29. Qa7 Rd8 30. a6 Be7 31. Qb7 Ra5 32. Bb5 {Precision: White = 69%, Black = 22%.} 1-0

[Event "EICC 2017"]
[Site "Minsk"]
[Date "2017.06.06"]
[Round "7"]
[White "Paehtz, Elisabeth"]
[Black "Grigoriants, Sergey"]
[Result "0-1"]
[WhiteElo "2481"]
[BlackElo "2576"]
[Annotator "TA"]
[PlyCount "56"]
[EventDate "2017.??.??"]
[EventCountry "BLR"]
[SourceTitle "playchess.com"]
[Source "ChessBase"]
[SourceQuality "1"]

{[%evp 11,56,22,21,20,23,14,29,-10,-14,-15,-22,-28,-23,-39,-39,-49,-49,-54,-37,-80,-111,-107,-93,-99,-45,-157,-139,-150,-148,-159,-166,-171,-171,-168,-163,-291,-273,-326,-325,-941,-922,-964,-964,-968,-972,-906,-907]} 1. e4 e5 2. Nf3 Nc6 3. Bc4 Bc5 4. d3 Nf6 5. O-O O-O 6. Re1 {C50: Hungarian Defence and Giuoco Pianissimo} (6. a4 h6 7. c3 a5 8. h3 d6 9. Re1 Ba7 10. Nbd2 Ne7 11. Nf1 Ng6 12. Ng3 c6 13. d4 exd4 14. Nxd4 {½-½ (48) Karjakin,S (2783)-Kramnik,V (2811) Shamkir 2017}) 6... a6 {LiveBook: 6 Games} 7. a4 d6 8. c3 {White has an edge.} Ba7 9. Bg5 h6 10. Bh4 g5 {[%cal Bg7g5,Bg5g4][%mdl 32]} 11. Bg3 Nh7 12. Nbd2 $146 ({Predecessor:} 12. Qc1 Kg7 13. h4 {0-1 (26) Robson,R (2668)-Berczes,D (2493) New York 2017}) 12... h5 $36 {[%mdl 2048] Black has the initiative.} 13. h4 {[#] Hoping for hxg5.} g4 14. Nh2 Kh8 15. Ndf1 Ne7 {[%cal Bc6e7,Be7g6,Bg6h4][%mdl 32]} 16. Ne3 Ng6 17. Qb3 f5 (17... Nxh4 $17 {aiming for ...Ng6.} 18. Bxf7 Nxg2 19. Nxg2 (19. Kxg2 h4 $17) 19... Ng5) 18. exf5 (18. Nxf5 $15 Bxf5 19. exf5 Nxh4 20. Bxh4 Qxh4 21. d4) 18... Nxh4 $17 19. Be6 Bxe3 $1 20. Bxh4 Qxh4 21. Rxe3 Bxe6 22. Qxe6 Rae8 23. Qc4 (23. g3 {was worth a try.} Rxe6 24. gxh4) 23... Rxf5 $19 24. Rf1 Ref8 {[%cal Rf5f2]} 25. Qxc7 $2 (25. Rg3 Qf6 26. Qxc7 Rxf2 27. Rf3 Rxf3 28. Nxf3 gxf3 29. Rxf3) 25... Rxf2 {[#] ( -> ...g3). Black is clearly winning.} 26. Qxd6 Rxf1+ 27. Nxf1 Qf2+ 28. Kh2 Qf4+ {Precision: White = 42%, Black = 93%.} 0-1

[Event "EICC 2017"]
[Site "Minsk"]
[Date "2017.06.06"]
[Round "7"]
[White "Ali Marandi, Cemil Can"]
[Black "Postny, Evgeny"]
[Result "1/2-1/2"]
[WhiteElo "2479"]
[BlackElo "2588"]
[Annotator "TA"]
[PlyCount "78"]
[EventDate "2017.??.??"]
[EventCountry "BLR"]
[SourceTitle "playchess.com"]
[Source "ChessBase"]
[SourceQuality "1"]

{[%evp 24,78,0,0,5,5,4,2,0,0,35,0,0,0,28,26,27,0,0,0,0,0,0,0,0,0,0,-11,-11,-16,0,0,0,0,0,0,0,0,0,0,35,16,128,24,33,35,38,50,28,56,74,24,25,0,126,0,25]} 1. e4 e5 2. Nf3 Nc6 3. Nc3 Nf6 4. d4 exd4 5. Nxd4 Bb4 6. Nxc6 bxc6 7. Bd3 d5 8. exd5 cxd5 9. O-O O-O 10. h3 {C47: Scotch Four Knights and Four Knights with 4 g3} c6 11. Qf3 Bd6 (11... Re8 12. Bf4 Qe7 13. a3 Bd6 14. Ne2 c5 15. b3 Be6 16. Bxd6 Qxd6 17. Rad1 Qe7 {1-0 (58) Bacrot,E (2696)-Fressinet,L (2668) Balagna 2017}) 12. Bf4 Be6 13. Rad1 {LiveBook: 4 Games} Qb8 14. Bxd6 Qxd6 15. b3 Rae8 $146 ({Predecessor:} 15... Rfe8 16. Ne2 Bd7 17. c4 Re5 18. cxd5 cxd5 {½-½ (86) Zelcic,R (2549)-Wagner,D (2485) Bad Gleichenberg 2014}) 16. Ne2 c5 17. Rfe1 Bd7 18. Nf4 Re5 19. Rxe5 Qxe5 20. c4 {[%cal Rf4d5]} (20. Ba6 $5 {[%cal Rf4d5]}) 20... d4 21. Nd5 Nxd5 22. Qxd5 Qc7 $1 23. Re1 Be6 $1 {[%cal Re6d5]} 24. Qh5 {[%csl Gd3][%cal Rh5h7] [#]} g6 25. Qh6 Re8 26. Re4 f5 27. Re2 Bf7 28. Qd2 Rxe2 29. Qxe2 Kg7 30. h4 Qd6 31. Qe1 f4 (31... Qe6 $5 {[%cal Re6e1]} 32. Qa5 Qb6 $11) 32. Qe4 Kf6 (32... a6 $11 {keeps the balance.}) 33. Qb7 (33. Qa8 $16) 33... Qe7 34. Qb8 Qe1+ 35. Bf1 {Threatens to win with Qd6+.} Kg7 $1 36. Qd6 Kg8 37. Qd8+ ({Wrong is} 37. Qxc5 $2 d3 $19) 37... Kg7 38. Qd6 (38. Qd7 $11) 38... Kg8 $16 {[#]} 39. Qd8+ (39. Qxc5 d3 $19) (39. Qc7 $1 $16) 39... Kg7 {Precision: White = 64%, Black = 47%.} 1/2-1/2

[Event "EICC 2017"]
[Site "Minsk"]
[Date "2017.06.06"]
[Round "7"]
[White "Diermair, Andreas"]
[Black "Banusz, Tamas"]
[Result "0-1"]
[WhiteElo "2474"]
[BlackElo "2616"]
[Annotator "TA"]
[PlyCount "60"]
[EventDate "2017.??.??"]
[EventCountry "BLR"]
[SourceTitle "playchess.com"]
[Source "ChessBase"]
[SourceQuality "1"]

{[%evp 14,60,29,16,21,22,28,26,25,26,25,19,33,0,0,0,0,0,0,0,0,0,0,0,0,-91,-116,-287,-287,-278,-271,-377,-381,-391,-410,-610,-589,-1041,-819,-805,-750,-29990,-29991,-29994,-29995,-29995,-29996,-29996,-29997]} 1. d4 d5 2. c4 c6 3. Nf3 Nf6 4. e3 Bf5 5. Nc3 e6 6. Nh4 Bg6 7. Nxg6 hxg6 8. Rb1 {LiveBook: 17 Games. D12: Slav Defence: 3 Nf3 Nf6 4 e3 Bf5} Bd6 9. g3 Nbd7 {[%cal Bb8d7,Bd7f8,Bf8e6,Be6g5,Bg5e4][%mdl 32]} 10. c5 {White has an edge.} Bc7 11. b4 e5 12. Bg2 Nf8 $146 ({Predecessor:} 12... a6 13. O-O O-O 14. f4 exd4 15. exd4 {1-0 (51) Nakamura,H (2640)-Dreev,A (2655) playchess.com INT 2006}) 13. O-O e4 14. b5 Ne6 15. bxc6 bxc6 16. Qa4 Qd7 17. f4 exf3 18. Rxf3 Ng5 {...Ng4 is the strong threat.} 19. Rxf6 (19. Rf1 $1 $11) 19... gxf6 $17 20. e4 $2 (20. h4 $17 {is a better defense.} Ne6 21. e4) 20... Nxe4 $1 $19 21. Nxe4 dxe4 22. Bxe4 Kf8 $1 {White must now prevent ...Re8.} ({Stronger than} 22... Ke7 23. Rb7 $11 (23. Bxc6 Qe6 $11)) 23. Bxc6 {[#]} Qe6 $3 {[%cal Re6e1][%mdl 512] ( -> ...Qe1+)} 24. Bd2 ({Don't play} 24. Bf4 {[#]} Rb8 $1 $19 {[%mdl 512]}) (24. Qa6 $142 Rd8 25. Bb7) 24... Qe2 $1 {[%csl LRd2,LRh2]} 25. Be1 Rb8 26. Rxb8+ Bxb8 27. Bf2 Rxh2 $1 {Black mates.} 28. Kxh2 Qxf2+ 29. Bg2 Bxg3+ 30. Kh3 Bc7 {Precision: White = 47%, Black = 93%.} 0-1

[Event "EICC 2017"]
[Site "Minsk"]
[Date "2017.06.06"]
[Round "7"]
[White "Klekowski, Maciej"]
[Black "Gabuzyan, Hovhannes"]
[Result "0-1"]
[WhiteElo "2473"]
[BlackElo "2570"]
[Annotator "TA"]
[PlyCount "90"]
[EventDate "2017.??.??"]
[EventCountry "BLR"]
[SourceTitle "playchess.com"]
[Source "ChessBase"]
[SourceQuality "1"]

{[%evp 19,90,53,88,99,98,106,93,82,99,112,110,68,102,70,53,67,100,94,83,71,102,-43,-37,-79,-78,-86,-89,-109,-111,-116,-112,-116,-85,-116,-121,-135,-123,-185,-191,-248,-238,-239,-239,-294,-251,-306,-307,-306,-298,-333,-349,-337,-334,-340,-326,-349,-328,-322,-310,-326,-303,-349,-341,-440,-431,-379,-277,-251,-293,-825,-802,-1112,-1110]} 1. e4 c5 2. Nf3 a6 3. c4 d6 4. d4 cxd4 5. Nxd4 Nf6 6. Nc3 e6 7. Be2 Be7 8. O-O Nbd7 9. Be3 O-O 10. Rc1 Qc7 {LiveBook: 44 Games. B41: Sicilian: Kan Variation: 5 c4} 11. g4 (11. f3 Re8 12. Qe1 Bf8 13. Qf2 b6 14. b4 Bb7 15. Nb3 Rab8 16. Rfd1 Ba8 17. Bf1 Ne5 18. Na4 {0-1 (44) Lintchevski,D (2563)-Potapov,A (2395) Pardubice 2012}) 11... Nc5 12. f3 h6 {White is better.} 13. b4 $146 ({Predecessor:} 13. Qe1 b6 14. b4 Ncd7 15. h4 Nh7 16. Qg3 Qd8 17. h5 Bb7 18. f4 {0-1 (45) Chen,P-Qian,J (2292) Wuxi 2005}) 13... Ncd7 {[#]} 14. f4 $1 Nh7 15. Qd2 b6 16. a3 Bb7 17. f5 e5 18. Nd5 Qd8 {And now ...Bxd5 would win.} 19. f6 Ndxf6 20. Nf5 (20. Nxe7+ $16 Qxe7 21. Nf5) 20... Nxd5 $1 $15 21. exd5 Bg5 22. Rc3 Bc8 23. Kg2 Bxe3 24. Qxe3 a5 25. b5 Ra7 26. Bd3 Bxf5 27. Rxf5 g6 28. Rf1 {[#]} (28. Rf2 $17) 28... Qg5 $1 $19 {[%cal Rg5e3]} 29. Qxg5 (29. Be2 {keeps fighting.} Qxe3 30. Rxe3) 29... hxg5 30. Rc2 Re7 31. Rcf2 Kg7 32. Be4 Rc8 33. Bd3 Rcc7 34. Kg3 e4 {[%cal Be5e4,Be4e3][%mdl 32]} 35. Be2 Re5 36. h3 f6 37. h4 e3 38. Rh2 gxh4+ 39. Rxh4 Rce7 40. Rfh1 Ng5 41. Rh6 Re4 42. Rh8 Re8 43. Rxe8 Rxe8 44. Bd3 $2 (44. Re1) 44... e2 45. Kf2 {[#]} Nh3+ $1 {[%mdl 512] Precision: White = 37%, Black = 84%.} 0-1